[Event "Wch Blitz (Women)"]
[Site "Samarkand"]
[Date "2023.12.30"]
[Round "14"]
[White "Kamalidenova, Meruert"]
[Black "Goryachkina, Aleksandra"]
[Result "1/2-1/2"]
[WhiteElo "2383"]
[BlackElo "2553"]
[PlyCount "134"]
[EventDate "2023.12.29"]
[EventType "swiss (blitz)"]
[EventRounds "17"]
[EventCountry "UZB"]
[SourceTitle "CB01_2024"]
[SourceDate "2024.01.03"]
[SourceVersion "1"]
[SourceVersionDate "2024.01.03"]
[SourceQuality "1"]

1. e4 c5 2. Nf3 e6 3. d4 cxd4 4. Nxd4 Nc6 5. Nc3 Bc5 6. Nb3 Bb4 7. Be2 Nge7 8. 0-0 0-0 9. Bd2 f5 10. exf5 Nxf5 11. Ne4 Be7 12. Bc3 d5 13. Ng3 e5 14. Bg4 Nxg3 15. hxg3 Qd6 16. a4 Bxg4 17. Qxg4 Rad8 18. Rad1 Kh8 19. f4 Bf6 20. fxe5 Bxe5 21. Rxf8+ Rxf8 22. Qg5 h6 23. Qg4 Bxc3 24. bxc3 Qe5 25. Nd4 Qe3+ 26. Kh1 Qxc3 27. Ne6 Re8 28. Nf4 Qxc2 29. Rxd5 Kh7 30. Rd1 Ne5 31. Qh5 g6 32. Qe2 Qxe2 33. Nxe2 Re7 34. Nf4 Ng4 35. Kg1 h5 36. Rc1 Rd7 37. Kf1 b6 38. Ke2 Re7+ 39. Kd2 Ne5 40. Rf1 Kh6 41. Kc3 Rd7 42. Re1 Rc7+ 43. Kd4 Nc6+ 44. Kd5 Nb4+ 45. Kd6 Rc2 46. Kd7 Rd2+ 47. Ke8 Nd5 48. Ne6 Rxg2 49. Rf1 Re2 50. Kd7 g5 51. Rf5 Rd2 52. Ke8 g4 53. Kf7 h4 54. Ng7 Nf6 55. Rxf6+ Kh7 56. Rf5 Rd7+ 57. Kf6 Rxg7 58. Rh5+ Kg8 59. Rxh4 Rf7+ 60. Ke6 Rg7 61. Rh5 a6 62. Rd5 Rb7 63. Rg5+ Kf8 64. Rxg4 b5 65. axb5 axb5 66. Rb4 Kg7 67. g4 Kg6 1/2-1/2

[Event "Wch Blitz (Women)"]
[Site "Samarkand"]
[Date "2023.12.30"]
[Round "17"]
[White "Kamalidenova, Meruert"]
[Black "Kosteniuk, Alexandra"]
[Result "0-1"]
[WhiteElo "2383"]
[BlackElo "2501"]
[PlyCount "136"]
[EventDate "2023.12.29"]
[EventType "swiss (blitz)"]
[EventRounds "17"]
[EventCountry "UZB"]
[SourceTitle "CB01_2024"]
[SourceDate "2024.01.03"]
[SourceVersion "1"]
[SourceVersionDate "2024.01.03"]
[SourceQuality "1"]

1. e4 c6 2. d4 d5 3. Nd2 dxe4 4. Nxe4 Nf6 5. Nxf6+ exf6 6. c3 Bd6 7. Bd3 Na6 8. Ne2 Nc7 9. 0-0 0-0 10. Bf4 Bg4 11. Bxd6 Qxd6 12. f3 Bh5 13. Qd2 Bg6 14. Bc4 Rfe8 15. Rfe1 Bf5 16. Ng3 Be6 17. Bd3 b6 18. Be4 g6 19. b3 f5 20. Bc2 Nd5 21. Rad1 Rad8 22. Ne2 Kg7 23. c4 Nf6 24. Qc3 Bd7 25. Ng3 h5 26. Nf1 h4 27. Ne3 Re7 28. c5 Qf4 29. Nc4 Rxe1+ 30. Qxe1 Be6 31. Nd6 Nd5 32. Rd3 Rd7 33. a3 Re7 34. Qd2 Bd7 35. b4 Qxd2 36. Rxd2 Re1+ 37. Kf2 Ra1 38. Nc4 Be6 39. Ne5 Ne7 40. a4 f6 41. Nd3 Kf7 42. b5 Ra2 43. Ke2 Nd5 44. Bd1 Nc3+ 45. Ke1 cxb5 46. Rxa2 Bxa2 47. c6 bxa4 48. Nf4 Nd5 49. Nd3 a3 50. Kd2 Bc4 51. Nc1 a2 52. Nxa2 Bxa2 53. Ba4 Nc7 54. Kc3 a5 55. Bc2 Ke7 56. Kb2 Bd5 57. Bd1 Bxc6 58. g3 hxg3 59. hxg3 Kd6 60. g4 fxg4 61. fxg4 f5 62. gxf5 gxf5 63. Kc3 f4 64. Be2 f3 65. Bf1 Nd5+ 66. Kd2 a4 67. Ke1 b5 68. Kf2 a3 0-1

[Event "Wch Blitz (Women)"]
[Site "Samarkand"]
[Date "2023.12.30"]
[Round "13"]
[White "Narva, Mai"]
[Black "Kamalidenova, Meruert"]
[Result "0-1"]
[WhiteElo "2403"]
[BlackElo "2383"]
[PlyCount "108"]
[EventDate "2023.12.29"]
[EventType "swiss (blitz)"]
[EventRounds "17"]
[EventCountry "UZB"]
[SourceTitle "CB01_2024"]
[SourceDate "2024.01.03"]
[SourceVersion "1"]
[SourceVersionDate "2024.01.03"]
[SourceQuality "1"]

1. e4 c5 2. Nf3 d6 3. Bb5+ Bd7 4. Bxd7+ Nxd7 5. 0-0 Ngf6 6. Qe2 e6 7. c4 Be7 8. Nc3 a6 9. d4 cxd4 10. Nxd4 Qb6 11. Be3 Qa5 12. Rac1 Rc8 13. a4 h5 14. f3 h4 15. b3 Qh5 16. Rfd1 g5 17. h3 Qg6 18. Qd2 Nh5 19. Nde2 Nc5 20. Rb1 f5 21. b4 Nd7 22. c5 g4 23. exf5 exf5 24. fxg4 fxg4 25. hxg4 Qxg4 26. Qd4 Rg8 27. Qxg4 Rxg4 28. cxd6 Bf6 29. Nd5 Be5 30. Nd4 h3 31. Rb2 Rc4 32. Nc7+ Kf7 33. Nce6 h2+ 34. Kf2 Ng3 35. Rbb1 Nf6 36. d7 Nxd7 37. Ng5+ Rxg5 38. Bxg5 h1Q 39. Rxh1 Nxh1+ 40. Rxh1 Bxd4+ 41. Ke2 Rxb4 42. Rh7+ Ke6 43. Rh6+ Kd5 44. Be7 Rb2+ 45. Kf3 Ne5+ 46. Kg3 Be3 47. Rd6+ Ke4 48. Bf6 Bf4+ 49. Kh3 Rb3+ 50. Kh4 Rg3 51. Rd8 Rg4+ 52. Kh5 Rxg2 53. Re8 Rh2+ 54. Bh4 Bg3 0-1

[Event "Wch Blitz (Women)"]
[Site "Samarkand"]
[Date "2023.12.30"]
[Round "11"]
[White "Vaishali, Ramesh Babu"]
[Black "Kamalidenova, Meruert"]
[Result "1/2-1/2"]
[WhiteElo "2497"]
[BlackElo "2383"]
[PlyCount "174"]
[EventDate "2023.12.29"]
[EventType "swiss (blitz)"]
[EventRounds "17"]
[EventCountry "UZB"]
[SourceTitle "CB01_2024"]
[SourceDate "2024.01.03"]
[SourceVersion "1"]
[SourceVersionDate "2024.01.03"]
[SourceQuality "1"]

1. Nf3 Nf6 2. g3 g6 3. Bg2 Bg7 4. 0-0 0-0 5. d4 d6 6. Nc3 c5 7. dxc5 dxc5 8. Qxd8 Rxd8 9. Ne5 Nbd7 10. Rd1 h6 11. Bf4 g5 12. Nxd7 Nxd7 13. Bc7 Re8 14. Na4 a6 15. c3 e5 16. Nb6 Nxb6 17. Bxb6 c4 18. Bd5 Be6 19. e4 Bf8 20. Bc7 Rac8 21. Bxe5 Bg4 22. f4 Bxd1 23. Rxd1 Bg7 24. Bxg7 Kxg7 25. Bxb7 Rb8 26. Rd7 gxf4 27. gxf4 Kf8 28. Bd5 Re7 29. Rd6 Rxb2 30. f5 Rb8 31. Kf2 a5 32. Kf3 Rc7 33. Rxh6 Kg7 34. Ra6 Rb2 35. h4 f6 36. h5 Rc2 37. Kg4 Rxc3 38. h6+ Kxh6 39. Rxf6+ Kh7 40. e5 Re3 41. e6 c3 42. Kg5 Rg3+ 43. Kh5 Rh3+ 44. Kg4 c2 45. Kxh3 c1Q 46. Rg6 Rc3+ 47. Kg4 Qg1+ 48. Kf4 Qe3+ 49. Kg4 Qg3+ 50. Kh5 Qh3+ 51. Kg5 Rg3+ 52. Kf6 Rxg6+ 53. fxg6+ Kh6 54. e7 Qh4+ 55. Kf7 Qf4+ 56. Kg8 Qe5 57. Kf8 Qg7+ 58. Ke8 Qxg6+ 59. Kd7 Qf5+ 60. Kd6 Qf6+ 61. Kd7 Qf5+ 62. Kd6 Qf4+ 63. Kd7 Qg4+ 64. Kc7 Qg7 65. Kd8 Qf6 66. Kd7 Qf5+ 67. Kd6 Qc8 68. Bc6 Qb8+ 69. Kd7 Qa7+ 70. Kd6 Qd4+ 71. Kc7 Qe5+ 72. Kd7 Qf5+ 73. Kd8 Qf6 74. Kd7 Qg7 75. Kd8 Qg5 76. Kd7 Qf5+ 77. Kd6 Qf6+ 78. Kd7 Qd4+ 79. Kc8 Qg4+ 80. Kd8 Qg5 81. Kd7 Qg7 82. Kd8 Qf6 83. Kd7 Qf7 84. Kd8 Qf6 85. Kd7 Qf7 86. Kd6 Qf6+ 87. Kd7 Qf7 1/2-1/2

[Event "Wch Rapid (Women)"]
[Site "Samarkand"]
[Date "2023.12.28"]
[Round "10"]
[White "Kamalidenova, Meruert"]
[Black "Arabidze, Meri"]
[Result "1-0"]
[WhiteElo "2383"]
[BlackElo "2462"]
[PlyCount "101"]
[EventDate "2023.12.26"]
[EventType "swiss (rapid)"]
[EventRounds "11"]
[EventCountry "UZB"]
[SourceTitle "CB01_2024"]
[SourceDate "2024.01.03"]
[SourceVersion "1"]
[SourceVersionDate "2024.01.03"]
[SourceQuality "1"]

1. e4 c5 2. Nf3 e6 3. d4 cxd4 4. Nxd4 Nc6 5. Nc3 Qc7 6. g4 a6 7. Be3 Nxd4 8. Qxd4 b5 9. 0-0-0 Bb7 10. a3 Rc8 11. Bg2 Ne7 12. Qd2 Bc6 13. Rhe1 Ng6 14. Nd5 Bxd5 15. exd5 Bd6 16. Kb1 Bf4 17. d6 Bxe3 18. Rxe3 Qb6 19. h4 h5 20. Rc3 Rb8 21. Rc7 b4 22. axb4 hxg4 23. Be4 0-0 24. c3 f5 25. h5 Ne5 26. Bg2 Rf7 27. h6 a5 28. Rc5 Nf3 29. Bxf3 gxf3 30. Rxa5 Qc6 31. hxg7 Qe4+ 32. Qd3 Qg4 33. b5 Rxg7 34. Ka2 Qh4 35. Qxf3 Rg4 36. b3 Qd8 37. Ra4 Rg7 38. c4 Qb6 39. Qe3 Qb7 40. Kb2 Qg2 41. b6 f4 42. Qd4 f3 43. c5 e5 44. Qe3 Qh2 45. c6 dxc6 46. d7 Rd8 47. b7 e4 48. Ra8 Qe5+ 49. Kb1 Qc7 50. Rxd8+ Qxd8 51. b8Q 1-0

[Event "FIDE Grand Swiss (Women)"]
[Site "Douglas"]
[Date "2023.11.04"]
[Round "10"]
[White "Efroimski, Marsel"]
[Black "Kamalidenova, Meruert"]
[Result "0-1"]
[WhiteElo "2447"]
[BlackElo "2351"]
[PlyCount "86"]
[EventDate "2023.10.25"]
[EventType "swiss"]
[EventRounds "11"]
[EventCountry "IOM"]
[SourceTitle "Mega2024 Update 01"]
[Source "Chessbase"]
[SourceDate "2023.11.12"]
[SourceVersion "1"]
[SourceVersionDate "2023.11.12"]
[SourceQuality "1"]

1. e4 c5 2. Nf3 e6 3. d4 cxd4 4. Nxd4 Nf6 5. Nc3 Nc6 6. a3 d6 7. Be3 Be7 8. Be2 0-0 9. Qd2 e5 10. Nf3 Be6 11. Ng5 Qd7 12. 0-0-0 a6 13. Nd5 Rad8 14. f3 h6 15. Nb6 Qc7 16. Nxe6 fxe6 17. Bc4 d5 18. exd5 Nd4 19. Bxd4 exd4 20. Qxd4 Bc5 21. Qc3 Qxb6 22. dxe6 Kh8 23. Rhe1 Be7 24. Qe5 Rc8 25. Bd3 Qc5 26. Qxc5 Rxc5 27. f4 Rd5 28. Bg6 Rfd8 29. Rxd5 Nxd5 30. g3 Kg8 31. Be4 b6 32. c4 Nf6 33. Bb7 a5 34. Kc2 Kf8 35. Kc3 Ne8 36. b4 Bf6+ 37. Kc2 Rd4 38. Kb3 Nd6 39. Bd5 b5 40. e7+ Bxe7 41. Re6 bxc4+ 42. Bxc4 Nxc4 43. Kc3 Rd6 0-1

[Event "FIDE Grand Swiss (Women)"]
[Site "Douglas"]
[Date "2023.11.03"]
[Round "9"]
[White "Kamalidenova, Meruert"]
[Black "Kosteniuk, Alexandra"]
[Result "1-0"]
[WhiteElo "2351"]
[BlackElo "2523"]
[PlyCount "141"]
[EventDate "2023.10.25"]
[EventType "swiss"]
[EventRounds "11"]
[EventCountry "IOM"]
[SourceTitle "Mega2024 Update 01"]
[Source "Chessbase"]
[SourceDate "2023.11.12"]
[SourceVersion "1"]
[SourceVersionDate "2023.11.12"]
[SourceQuality "1"]

1. e4 e5 2. Nf3 Nc6 3. Bb5 a6 4. Ba4 Nf6 5. 0-0 Be7 6. Re1 b5 7. Bb3 0-0 8. d3 d6 9. c3 Na5 10. Bc2 c5 11. Nbd2 Nc6 12. Nf1 Re8 13. Ng3 h6 14. h3 Be6 15. d4 cxd4 16. cxd4 exd4 17. Ne2 Nb4 18. Nexd4 Nxc2 19. Qxc2 Bf8 20. Bf4 Rc8 21. Qd2 Bd7 22. Qd3 Qb6 23. Rad1 d5 24. e5 Ne4 25. Be3 Nc5 26. Qe2 Qb7 27. Qc2 b4 28. Qb1 a5 29. Ne2 b3 30. Nf4 bxa2 31. Qxa2 Ba4 32. Rc1 Bb3 33. Qxa5 Bc4 34. Bxc5 Rxc5 35. Qd2 Rb5 36. Nd3 Qb6 37. Rc2 Ra8 38. e6 fxe6 39. Nfe5 Rb3 40. Nxc4 dxc4 41. Rxc4 Qd8 42. Rd1 Rab8 43. Qe2 Qe8 44. Re4 R8b6 45. Rd2 Qc8 46. Rc2 Qa6 47. Rec4 Qb5 48. h4 Qf5 49. Ne5 Ra6 50. Nf3 Ra1+ 51. Rc1 Rxc1+ 52. Rxc1 Qf6 53. Rc2 Rb4 54. g3 Qf5 55. Kg2 e5 56. Rc4 e4 57. Nh2 Qb5 58. Rc2 Qb7 59. Nf1 Be7 60. Ne3 Bf6 61. Qg4 Rb5 62. h5 Kf7 63. Qg6+ Kf8 64. Qh7 Kf7 65. Qg6+ Kf8 66. Qg4 Kf7 67. Qf4 Re5 68. Nc4 Re6 69. Nd6+ Rxd6 70. Qxd6 Qb3 71. Qc7+ 1-0

[Event "FIDE Grand Swiss (Women)"]
[Site "Douglas"]
[Date "2023.10.28"]
[Round "4"]
[White "Kamalidenova, Meruert"]
[Black "Shuvalova, Polina"]
[Result "1-0"]
[WhiteElo "2351"]
[BlackElo "2506"]
[PlyCount "217"]
[EventDate "2023.10.25"]
[EventType "swiss"]
[EventRounds "11"]
[EventCountry "IOM"]
[SourceTitle "Mega2024 Update 01"]
[Source "Chessbase"]
[SourceDate "2023.11.12"]
[SourceVersion "1"]
[SourceVersionDate "2023.11.12"]
[SourceQuality "1"]

1. e4 e5 2. Nf3 Nc6 3. Bb5 a6 4. Ba4 Nf6 5. 0-0 Be7 6. d3 b5 7. Bb3 d6 8. c3 0-0 9. h3 h6 10. Re1 Re8 11. Nbd2 Bf8 12. Nf1 Na5 13. Bc2 c5 14. Ng3 Bb7 15. d4 exd4 16. cxd4 cxd4 17. Nxd4 Rc8 18. b3 d5 19. e5 Ne4 20. Ngf5 Rxe5 21. Bf4 Re8 22. Qg4 Kh8 23. f3 Nf6 24. Rxe8 Nxe8 25. Re1 Nf6 26. Qh4 Qb6 27. Kh1 Ng8 28. Be5 f6 29. Bg3 Nc6 30. Qg4 Ne5 31. Rxe5 fxe5 32. Bxe5 Nf6 33. Qg6 Rxc2 34. Nxc2 Bc8 35. Nxh6 Nd7 36. Qxb6 Nxb6 37. Bd4 Nd7 38. Ne3 Bc5 39. Nhf5 Kh7 40. Kg1 g6 41. Bxc5 gxf5 42. Bd4 Nf8 43. Nxd5 Ne6 44. Bb6 Bb7 45. Ne3 f4 46. Ng4 Kg6 47. Kf2 Kh5 48. Ba7 Kg5 49. Bb8 a5 50. a3 b4 51. axb4 axb4 52. Bd6 Bd5 53. Bxb4 Bxb3 54. g3 fxg3+ 55. Kxg3 Ng7 56. Bd2+ Kf5 57. Bc3 Nh5+ 58. Kh4 Nf4 59. Ba5 Ba4 60. Bc7 Ne6 61. Ne3+ Kf6 62. Ba5 Kg6 63. Bc3 Bc6 64. Kg4 Bd7 65. Kg3 Ng5 66. h4 Nf7 67. Ng4 Kf5 68. h5 Bc6 69. f4 Be8 70. h6 Kg6 71. h7 Kxh7 72. Nf6+ Kg6 73. Nxe8 Kf5 74. Ng7+ Kg6 75. Kf3 Nd6 76. Kg4 Kf7 77. Nf5 Ne4 78. Bd4 Ke6 79. Ne3 Kf7 80. f5 Nd6 81. Nd5 Ke8 82. Kf4 Nxf5 83. Kxf5 Kd7 84. Nb4 Kd6 85. Bb6 Kd7 86. Ke5 Ke7 87. Nc6+ Kd7 88. Kd5 Kc8 89. Be3 Kb7 90. Kd6 Ka8 91. Nd8 Kb8 92. Kc6 Ka8 93. Ne6 Kb8 94. Nc7 Kc8 95. Ba7 Kd8 96. Nd5 Kc8 97. Ne7+ Kd8 98. Kd6 Ke8 99. Ke6 Kd8 100. Bb6+ Ke8 101. Nf5 Kf8 102. Bd8 Ke8 103. Bf6 Kf8 104. Nd6 Kg8 105. Bg5 Kg7 106. Kf5 Kf8 107. Kg6 Kg8 108. Bh6 Kh8 109. Nf5 1-0

[Event "FIDE Grand Swiss (Women)"]
[Site "Douglas"]
[Date "2023.10.26"]
[Round "2"]
[White "Kamalidenova, Meruert"]
[Black "Gunina, Valentina"]
[Result "1-0"]
[WhiteElo "2351"]
[BlackElo "2439"]
[PlyCount "95"]
[EventDate "2023.10.25"]
[EventType "swiss"]
[EventRounds "11"]
[EventCountry "IOM"]
[SourceTitle "Mega2024 Update 01"]
[Source "Chessbase"]
[SourceDate "2023.11.12"]
[SourceVersion "1"]
[SourceVersionDate "2023.11.12"]
[SourceQuality "1"]

1. e4 c6 2. d4 d5 3. Nd2 dxe4 4. Nxe4 Nf6 5. Nxf6+ exf6 6. c3 Bd6 7. Bd3 0-0 8. Qc2 c5 9. Ne2 h6 10. Be3 Qc7 11. dxc5 Bxc5 12. Bf4 Qb6 13. 0-0 Nc6 14. b4 Be7 15. Rfe1 Be6 16. Ng3 Rfe8 17. Qe2 Bf8 18. Qf3 Rad8 19. Nh5 Ne5 20. Bxe5 fxe5 21. Rxe5 Bd6 22. Re3 Qc7 23. h3 Kh8 24. Rae1 Qxc3 25. Bb5 Qxb4 26. Bxe8 Rxe8 27. a3 Qa4 28. Qxb7 Rb8 29. Qf3 Rb5 30. Qc6 Bc5 31. Rf3 Kh7 32. Rxe6 fxe6 33. Nf6+ gxf6 34. Qd7+ Kg6 35. Qe8+ Kg5 36. Rg3+ Kh4 37. Rg4+ Qxg4 38. hxg4 Bxf2+ 39. Kxf2 Rb2+ 40. Ke3 Rb3+ 41. Ke4 Kg3 42. Qxe6 Rb6 43. Qd7 Kxg2 44. Qxa7 Rb5 45. Kf4 Rb3 46. Qa8+ Kf2 47. a4 Rb4+ 48. Qe4 1-0

[Event "FIDE Grand Swiss (Women)"]
[Site "Douglas"]
[Date "2023.10.25"]
[Round "1"]
[White "Vantika, Agrawal"]
[Black "Kamalidenova, Meruert"]
[Result "0-1"]
[WhiteElo "2435"]
[BlackElo "2351"]
[PlyCount "124"]
[EventDate "2023.10.25"]
[EventType "swiss"]
[EventRounds "11"]
[EventCountry "IOM"]
[SourceTitle "Mega2024 Update 01"]
[Source "Chessbase"]
[SourceDate "2023.11.12"]
[SourceVersion "1"]
[SourceVersionDate "2023.11.12"]
[SourceQuality "1"]

1. d4 Nf6 2. c4 g6 3. Nc3 Bg7 4. e4 d6 5. Be2 0-0 6. Be3 c5 7. d5 e6 8. Nf3 exd5 9. cxd5 b5 10. e5 dxe5 11. Bxc5 Re8 12. Bxb5 Nbd7 13. Be3 Ng4 14. 0-0 Nxe3 15. fxe3 Rb8 16. Qe2 a6 17. Bc6 e4 18. Nd4 Rf8 19. Rad1 Ne5 20. h3 f5 21. d6 Bd7 22. Nd5 Kh8 23. Bxd7 Qxd7 24. Qxa6 Nd3 25. Qc6 Rfd8 26. Qxd7 Rxd7 27. Nb3 Nxb2 28. Rc1 Rxd6 29. Nf4 Be5 30. Rc2 Nd1 31. Re2 Nc3 32. Rc2 Nxa2 33. Na5 Nb4 34. Re2 Rc8 35. g4 Nd3 36. gxf5 Bxf4 37. exf4 gxf5 38. Nb3 Rc3 39. Nd2 Nc5 40. Rb1 Rxh3 41. Nc4 Rg6+ 42. Rg2 Nd3 43. Nd6 Rxg2+ 44. Kxg2 Nxf4+ 45. Kg1 Kg7 46. Nxf5+ Kf6 47. Nd4 Rd3 48. Nc2 Kf5 49. Ne1 Rd2 50. Rb7 Nh3+ 51. Kh1 Ng5 52. Kg1 Kf4 53. Rg7 h6 54. Ng2+ Kg3 55. Ne3 Kf3 56. Nf5 e3 57. Re7 Rd1+ 58. Kh2 e2 59. Nh4+ Kf2 60. Ng2 h5 61. Ne1 Kxe1 62. Kg2 Kd2 0-1

[Event "Asian Games tt (Women)"]
[Site "Hangzhou"]
[Date "2023.09.29"]
[Round "1.9"]
[White "Kamalidenova, Meruert"]
[Black "Al Maamari, Wafia Darwish"]
[Result "1-0"]
[WhiteElo "2351"]
[BlackElo "1891"]
[PlyCount "87"]
[EventDate "2023.09.29"]
[EventType "team-tourn"]
[EventRounds "9"]
[EventCountry "CHN"]
[SourceTitle "EXT 2024"]
[Source "ChessBase"]
[SourceDate "2023.10.10"]
[SourceVersion "1"]
[SourceVersionDate "2023.10.10"]
[SourceQuality "1"]
[WhiteTeam "Kazakhstan (W)"]
[BlackTeam "United Arab Emirates (W)"]
[WhiteTeamCountry "KAZ"]
[BlackTeamCountry "UAE"]

1. e4 c5 2. Nf3 e6 3. d4 cxd4 4. Nxd4 Nf6 5. Nc3 Nc6 6. Ndb5 Bb4 7. a3 Bxc3+ 8. Nxc3 d5 9. exd5 exd5 10. Bd3 0-0 11. 0-0 d4 12. Ne2 Bg4 13. Re1 Re8 14. Bg5 Bxe2 15. Rxe2 Qd6 16. Rxe8+ Rxe8 17. Qf3 Ne5 18. Qf4 Nfd7 19. Qe4 Qg6 20. Qxg6 hxg6 21. Bf1 Rc8 22. Rd1 f6 23. f4 Nc4 24. Rxd4 Ndb6 25. Bh4 Nxb2 26. Bf2 Rxc2 27. Rb4 N2c4 28. g3 Nxa3 29. Bxb6 axb6 30. Bd3 Rc7 31. Bxg6 Kf8 32. Rxb6 Nc4 33. Rb3 Ke7 34. h4 Kd6 35. Be4 Na5 36. Rb5 Rc5 37. Rb6+ Kc7 38. Re6 Kd7 39. f5 Rb5 40. h5 Re5 41. Rxe5 fxe5 42. f6 Ke6 43. fxg7 Kf7 44. h6 1-0

[Event "WchT (Women) Final"]
[Site "Bydgoszcz"]
[Date "2023.09.11"]
[Round "3.1"]
[White "Arabidze, Meri"]
[Black "Kamalidenova, Meruert"]
[Result "1/2-1/2"]
[WhiteElo "2440"]
[BlackElo "2351"]
[PlyCount "133"]
[EventDate "2023.09.09"]
[EventType "team-k.o. (rapid)"]
[EventRounds "3"]
[EventCountry "POL"]
[SourceTitle "EXT 2024"]
[Source "ChessBase"]
[SourceDate "2023.10.10"]
[SourceVersion "1"]
[SourceVersionDate "2023.10.10"]
[SourceQuality "1"]
[WhiteTeam "Georgia (W)"]
[BlackTeam "Kazakhstan (W)"]
[WhiteTeamCountry "GEO"]
[BlackTeamCountry "KAZ"]

1. d4 Nf6 2. c4 g6 3. g3 Bg7 4. Bg2 0-0 5. Nc3 d6 6. Nf3 Bd7 7. 0-0 Re8 8. Qb3 Nc6 9. Qxb7 Na5 10. Qb4 c5 11. Qa3 Nxc4 12. Qa6 cxd4 13. Nxd4 Rc8 14. Qxa7 Ng4 15. Rd1 Nge5 16. a4 Na5 17. Ncb5 Nec4 18. b4 Bxb5 19. axb5 Bxd4 20. Rxd4 Rc7 21. Qa6 Nb3 22. Rd1 Nxa1 23. Qxa1 Qd7 24. Bh6 e5 25. Bc6 Rxc6 26. bxc6 Qxc6 27. Qa7 d5 28. Qc5 Qxc5 29. bxc5 d4 30. Rc1 Na5 31. c6 Rc8 32. c7 f6 33. h4 Kf7 34. Rc2 Ke6 35. Bd2 Nb7 36. Rc6+ Kd5 37. Rxf6 Rxc7 38. Bg5 Nd6 39. Rf8 Rd7 40. f3 e4 41. fxe4+ Nxe4 42. Kg2 h5 43. Rg8 Rd6 44. Bf4 Re6 45. Rd8+ Kc4 46. Rc8+ Kb3 47. Rd8 Kc4 48. Rc8+ Kb5 49. Rd8 Kc5 50. Rc8+ Rc6 51. Re8 Nc3 52. Kf3 Kc4 53. Re7 Nd5 54. Re8 Nf6 55. Re7 Nd5 56. Re8 Nc3 57. Re7 Na4 58. Re8 Nc5 59. g4 hxg4+ 60. Kxg4 Kd5 61. Bg5 Ne6 62. Rg8 Rc2 63. Kf3 Rc3+ 64. Kg4 Rc2 65. Kf3 Rc3+ 66. Kg4 Rc2 67. Kf3 1/2-1/2

[Event "WchT (Women) Pool-A"]
[Site "Bydgoszcz"]
[Date "2023.09.07"]
[Round "4.3"]
[White "Buksa, Nataliya"]
[Black "Kamalidenova, Meruert"]
[Result "1/2-1/2"]
[WhiteElo "2352"]
[BlackElo "2351"]
[PlyCount "140"]
[EventDate "2023.09.06"]
[EventType "team (rapid)"]
[EventRounds "5"]
[EventCountry "POL"]
[SourceTitle "EXT 2024"]
[Source "ChessBase"]
[SourceDate "2023.10.10"]
[SourceVersion "1"]
[SourceVersionDate "2023.10.10"]
[SourceQuality "1"]
[WhiteTeam "Ukraine (W)"]
[BlackTeam "Kazakhstan (W)"]
[WhiteTeamCountry "UKR"]
[BlackTeamCountry "KAZ"]

1. e4 c5 2. Nf3 d6 3. d4 cxd4 4. Nxd4 Nf6 5. Nc3 Nc6 6. Bg5 e6 7. Qd2 a6 8. 0-0-0 Bd7 9. f3 Nxd4 10. Qxd4 Be7 11. h4 Qc7 12. Qd2 Rc8 13. Kb1 b5 14. Bd3 b4 15. Ne2 a5 16. g4 a4 17. Be3 a3 18. g5 Nh5 19. b3 e5 20. Qxb4 d5 21. Qb6 Qxb6 22. Bxb6 d4 23. Ba5 f6 24. Bd2 0-0 25. Rdf1 f5 26. Rhg1 Bc5 27. Nc1 Kh8 28. exf5 Bxf5 29. Re1 Bd6 30. Bxf5 Rxf5 31. Nd3 Kg8 32. g6 Nf6 33. Bb4 Bxb4 34. Nxb4 hxg6 35. Rxg6 Rxf3 36. Reg1 Rc7 37. h5 Kh7 38. R6g5 e4 39. Re5 e3 40. Nd3 Rh3 41. Nf4 Rh2 42. Rc1 Rd7 43. Ne6 Kg8 44. Nf4 Kh7 45. b4 Rh4 46. Ng6 Rg4 47. Nf8+ Kg8 48. Nxd7 Nxd7 49. Re7 Nb6 50. c3 Nd5 51. Rd7 Nxc3+ 52. Kc2 Nxa2 53. Rb1 Nxb4+ 54. Rxb4 d3+ 55. Rxd3 Rxb4 56. Rxa3 Re4 57. Kd1 Re5 58. Ke2 Kh7 59. Ra6 Rxh5 60. Kxe3 Rf5 61. Ke4 Rf1 62. Ra3 g5 63. Rf3 Rg1 64. Kf5 g4 65. Ra3 g3 66. Kg4 g2 67. Kg3 Kg6 68. Ra2 Kf5 69. Kh2 Re1 70. Kxg2 Re4 1/2-1/2

[Event "WchT (Women) Pool-A"]
[Site "Bydgoszcz"]
[Date "2023.09.06"]
[Round "2.3"]
[White "Kamalidenova, Meruert"]
[Black "Vantika, Agrawal"]
[Result "1/2-1/2"]
[WhiteElo "2351"]
[BlackElo "2435"]
[PlyCount "72"]
[EventDate "2023.09.06"]
[EventType "team (rapid)"]
[EventRounds "5"]
[EventCountry "POL"]
[SourceTitle "EXT 2024"]
[Source "ChessBase"]
[SourceDate "2023.10.10"]
[SourceVersion "1"]
[SourceVersionDate "2023.10.10"]
[SourceQuality "1"]
[WhiteTeam "Kazakhstan (W)"]
[BlackTeam "India (W)"]
[WhiteTeamCountry "KAZ"]
[BlackTeamCountry "IND"]

1. e4 c5 2. Nf3 Nc6 3. Bb5 e5 4. 0-0 Bd6 5. c3 a6 6. Ba4 b5 7. Bb3 c4 8. Bc2 Nf6 9. d4 cxd3 10. Qxd3 Bc7 11. Bg5 h6 12. Bxf6 Qxf6 13. b4 0-0 14. a4 bxa4 15. Bxa4 Ne7 16. c4 Rb8 17. b5 axb5 18. Bxb5 d6 19. Nc3 Bg4 20. Ne1 Be6 21. Nc2 Ng6 22. Ne2 Qg5 23. Nb4 f5 24. exf5 Qxf5 25. Qxf5 Rxf5 26. Na6 Rc8 27. Rad1 Nf4 28. Nxf4 exf4 29. Rfe1 Kf7 30. c5 Ba5 31. Re4 Rd8 32. Ra1 Bc3 33. Rc1 Bd2 34. Rd1 dxc5 35. Bc4 Bxc4 36. Rxc4 Rfd5 1/2-1/2

[Event "Abu Dhabi op 29th"]
[Site "Abu Dhabi"]
[Date "2023.08.24"]
[Round "9"]
[White "Panesar, Vedant"]
[Black "Kamalidenova, Meruert"]
[Result "0-1"]
[WhiteElo "2391"]
[BlackElo "2347"]
[PlyCount "114"]
[EventDate "2023.08.16"]
[EventType "swiss"]
[EventRounds "9"]
[EventCountry "UAE"]
[SourceTitle "EXT 2024"]
[Source "ChessBase"]
[SourceDate "2023.10.10"]
[SourceVersion "1"]
[SourceVersionDate "2023.10.10"]
[SourceQuality "1"]

1. d4 Nf6 2. Nf3 g6 3. Bf4 Bg7 4. c3 0-0 5. Nbd2 d6 6. e4 c5 7. dxc5 dxc5 8. Be2 Nc6 9. 0-0 Re8 10. Qc2 e5 11. Bg5 Qc7 12. Nc4 Be6 13. Ne3 a6 14. Bc4 b5 15. Bxe6 fxe6 16. Bxf6 Bxf6 17. h4 c4 18. Rfd1 Na5 19. Ng4 Bg7 20. Qd2 Nb7 21. h5 gxh5 22. Nh6+ Kh8 23. Qg5 Nc5 24. Qxh5 Bxh6 25. Qxh6 Qg7 26. Qxg7+ Kxg7 27. Nxe5 Rad8 28. f3 Kf6 29. Nc6 Rc8 30. Nb4 Red8 31. Rd4 a5 32. e5+ Kf7 33. Nc6 Rxd4 34. Nxd4 Nd3 35. Nxb5 Ke7 36. b3 Nxe5 37. Re1 Nd3 38. Re4 cxb3 39. axb3 Nc1 40. Rh4 Nxb3 41. Rxh7+ Kf6 42. Rb7 a4 43. Ra7 Rc5 44. Nd6 Ke5 45. Ne4 Ra5 46. Rh7 Kd5 47. c4+ Kxc4 48. Rc7+ Nc5 49. Nd2+ Kd4 50. Nb1 a3 51. Nxa3 Rxa3 52. Kf2 Nd3+ 53. Kg3 Ra8 54. Rg7 Ke5 55. Rg4 Kf5 56. f4 Ra3 57. Rg5+ Ke4 0-1

[Event "Abu Dhabi op 29th"]
[Site "Abu Dhabi"]
[Date "2023.08.23"]
[Round "8"]
[White "Kamalidenova, Meruert"]
[Black "Mohammad Fahad, Rahman"]
[Result "0-1"]
[WhiteElo "2347"]
[BlackElo "2398"]
[PlyCount "90"]
[EventDate "2023.08.16"]
[EventType "swiss"]
[EventRounds "9"]
[EventCountry "UAE"]
[SourceTitle "EXT 2024"]
[Source "ChessBase"]
[SourceDate "2023.10.10"]
[SourceVersion "1"]
[SourceVersionDate "2023.10.10"]
[SourceQuality "1"]

1. e4 e5 2. Nf3 Nc6 3. Bb5 Nf6 4. d3 Bc5 5. 0-0 Nd4 6. Nxd4 Bxd4 7. c3 Bb6 8. Na3 c6 9. Ba4 d6 10. Bc2 h6 11. Qe2 Bg4 12. Qe1 0-0 13. Nc4 Bc7 14. f4 exf4 15. Bxf4 Nh5 16. Bd2 d5 17. Ne3 Be6 18. exd5 cxd5 19. d4 Re8 20. Qf2 Nf6 21. Rae1 a5 22. a4 Ra6 23. Qh4 Ne4 24. Qxd8 Bxd8 25. Bxe4 dxe4 26. d5 Bd7 27. b3 Bb6 28. Kh1 Bc5 29. c4 Rb6 30. Rb1 Rg6 31. Rbe1 Rb6 32. Rb1 f5 33. g3 g5 34. Ng2 e3 35. Bxa5 e2 36. Rfe1 Rf6 37. Bc3 Rf7 38. Rb2 f4 39. gxf4 gxf4 40. Rbxe2 Rxe2 41. Rxe2 f3 42. Re1 Bh3 43. Re8+ Rf8 44. Rxf8+ Kxf8 45. Nf4 f2 0-1